Teoría y métodos de la investigación social / (Record no. 67715)

MARC details
000 -LEADER
campo de control de longitud fija 00555nam a2200169 i 4500
001 - NÚMERO DE CONTROL
campo de control 67715
003 - IDENTIFICADOR DE NÚMERO DE CONTROL
campo de control ES-MaACL
007 - CAMPO FIJO DE DESCRIPCIÓN FÍSICA--INFORMACIÓN GENERAL
campo de control de longitud fija t|
008 - DATOS DE LONGITUD FIJA--INFORMACIÓN GENERAL
campo de control de longitud fija 040203s1973 ag ||||1| spa d
100 1# - ENTRADA PRINCIPAL--NOMBRE DE PERSONA
Nombre de persona Galtung, Johan.
9 (RLIN) 53680
245 10 - MENCIÓN DEL TÍTULO
Título Teoría y métodos de la investigación social /
Mención de responsabilidad, etc. Johan Galtung ; [traducido por Edmundo Fuenzalida Faivovich].
250 ## - MENCION DE EDICION
Mención de edición [4ª ed.].
260 ## - PUBLICACIÓN, DISTRIBUCIÓN, ETC.
Lugar de publicación, distribución, etc. Buenos Aires :
Nombre del editor, distribuidor, etc. Editorial Universitaria,
Fecha de publicación, distribución, etc. [1973]
300 ## - DESCRIPCIÓN FÍSICA
Extensión 2 v. ;
Dimensiones 23 cm.
700 1# - ENTRADA AGREGADA--NOMBRE PERSONAL
Nombre de persona Fuenzalida Faivovich, Edmundo.
9 (RLIN) 52954
852 ## - LOCALIZACIÓN
Ubicación ES-MaACL
Número de control de estantería E-8570-1
Sublocalización o colección R.93009
Holdings
Estatus retirado Estado de pérdida Estado de daño No para préstamo Biblioteca de origen Biblioteca actual Ubicación en estantería Fecha de adquisición Fuente de adquisición Total de préstamos Signatura topográfica completa Código de barras Visto por última vez Precio de reemplazo Tipo de ítem Koha
        Biblioteca del Ateneo de Madrid Biblioteca del Ateneo de Madrid Depósito 2 17/01/2008     E-8570-1 1070897 23/02/2023 23/02/2023 Libro impreso